<?xml version="1.0" encoding="UTF-8"?>
<record
    xmlns:xsi="http://www.w3.org/2001/XMLSchema-instance"
    xsi:schemaLocation="http://www.loc.gov/MARC21/slim http://www.loc.gov/standards/marcxml/schema/MARC21slim.xsd"
    xmlns="http://www.loc.gov/MARC21/slim">

  <leader>00702nam a22002297a 4500</leader>
  <controlfield tag="005">20160921150016.0</controlfield>
  <datafield tag="010" ind1=" " ind2=" ">
    <subfield code="a">ENG-116066</subfield>
  </datafield>
  <datafield tag="020" ind1=" " ind2=" ">
    <subfield code="c">1199.00</subfield>
    <subfield code="a">9789352602988</subfield>
  </datafield>
  <datafield tag="020" ind1=" " ind2=" ">
    <subfield code="a">9352602986</subfield>
    <subfield code="c">1199.00</subfield>
  </datafield>
  <datafield tag="035" ind1=" " ind2=" ">
    <subfield code="a">EN-99598</subfield>
  </datafield>
  <datafield tag="037" ind1=" " ind2=" ">
    <subfield code="b">DBAD/PUB</subfield>
  </datafield>
  <datafield tag="082" ind1=" " ind2=" ">
    <subfield code="a">005.8</subfield>
  </datafield>
  <datafield tag="100" ind1=" " ind2=" ">
    <subfield code="a">Harris, Shon</subfield>
  </datafield>
  <datafield tag="245" ind1=" " ind2=" ">
    <subfield code="a">CISSP exam guide /</subfield>
    <subfield code="c">by Shon Harris [and] Fernando Maymi</subfield>
  </datafield>
  <datafield tag="250" ind1=" " ind2=" ">
    <subfield code="a">seventh edition</subfield>
  </datafield>
  <datafield tag="260" ind1=" " ind2=" ">
    <subfield code="a">Noida </subfield>
    <subfield code="b">McGraw Hill Education</subfield>
    <subfield code="c">2016</subfield>
  </datafield>
  <datafield tag="270" ind1=" " ind2=" ">
    <subfield code="a">B-4, Sector - 63, Gautam Budh Nagar, </subfield>
    <subfield code="b">Noida (UP)</subfield>
    <subfield code="e">201301</subfield>
  </datafield>
  <datafield tag="300" ind1=" " ind2=" ">
    <subfield code="a">xx, 1339p</subfield>
    <subfield code="c">25cm(pbk)</subfield>
    <subfield code="b"> b&amp;w ill.</subfield>
  </datafield>
  <datafield tag="500" ind1=" " ind2=" ">
    <subfield code="a">includes indexs and glossary</subfield>
  </datafield>
  <datafield tag="700" ind1=" " ind2=" ">
    <subfield code="a"> Maymi, Fernando</subfield>
  </datafield>
  <datafield tag="942" ind1=" " ind2=" ">
    <subfield code="2">ddc</subfield>
    <subfield code="c">EN</subfield>
    <subfield code="m">HAR</subfield>
    <subfield code="h">005.8</subfield>
  </datafield>
  <datafield tag="999" ind1=" " ind2=" ">
    <subfield code="c">103510</subfield>
    <subfield code="d">103510</subfield>
  </datafield>
  <datafield tag="952" ind1=" " ind2=" ">
    <subfield code="0">0</subfield>
    <subfield code="1">0</subfield>
    <subfield code="4">0</subfield>
    <subfield code="7">1</subfield>
    <subfield code="8">NFIC</subfield>
    <subfield code="a">DBAD</subfield>
    <subfield code="b">DBAD</subfield>
    <subfield code="d">2016-09-21</subfield>
    <subfield code="e">DBAD/PUB</subfield>
    <subfield code="g">1199.00</subfield>
    <subfield code="l">0</subfield>
    <subfield code="o">005.8 HAR</subfield>
    <subfield code="p">EN-99598</subfield>
    <subfield code="r">2016-09-21 00:00:00</subfield>
    <subfield code="t">1</subfield>
    <subfield code="v">1199.00</subfield>
    <subfield code="w">2016-09-21</subfield>
    <subfield code="y">EN</subfield>
  </datafield>
</record>
